Business travel and tourism

Na minha lista:
Detalhes bibliográficos
Autor principal: Swarbrooke, John
Outros Autores: Horner, Susan
Formato: Livro
Idioma:inglês
Publicado em: Oxford Butterworth-Heinemann 2002
Assuntos:
Tags: Adicionar Tag
Sem tags, seja o primeiro a adicionar uma tag!

MARC

LEADER 00000nam$a2200000$$$4500
001 0066785
005 20231215114949.4
020 |a 0-7506-4392-7 
041 0 |a eng 
044 |a GB 
245 1 0 |a Business travel and tourism  |c John Swarbrooke, Susan Horner 
264 1 |a Oxford  |b Butterworth-Heinemann  |c 2002 
300 |a 352 s. 
610 2 0 |a ruch cestovný 
610 2 0 |a turistika 
610 2 0 |a obchod 
610 2 0 |a podnikanie 
610 2 0 |a vývoj 
610 2 0 |a dopyt 
610 2 0 |a infraštruktúra 
610 2 0 |a zdroje ľudské 
610 2 0 |a marketing 
610 2 0 |a manažment 
610 2 0 |a štúdie prípadové 
610 2 0 |a služby 
610 2 0 |a hotely 
610 2 0 |a konferencie 
610 2 0 |a kongresy 
610 2 0 |a výstavy 
610 2 0 |a letiská 
100 1 |a Swarbrooke, John 
700 1 |a Horner, Susan